<?xml version="1.0" encoding="UTF-8"?>
<record
    xmlns:xsi="http://www.w3.org/2001/XMLSchema-instance"
    xsi:schemaLocation="http://www.loc.gov/MARC21/slim http://www.loc.gov/standards/marcxml/schema/MARC21slim.xsd"
    xmlns="http://www.loc.gov/MARC21/slim">

  <leader>00939nam a22002537a 4500</leader>
  <controlfield tag="005">20170123162339.0</controlfield>
  <datafield tag="010" ind1=" " ind2=" ">
    <subfield code="a">A-998741</subfield>
  </datafield>
  <datafield tag="020" ind1=" " ind2=" ">
    <subfield code="c">100.00</subfield>
  </datafield>
  <datafield tag="035" ind1=" " ind2=" ">
    <subfield code="a">A-998741</subfield>
  </datafield>
  <datafield tag="037" ind1=" " ind2=" ">
    <subfield code="b">Cen Lib/Ret</subfield>
  </datafield>
  <datafield tag="040" ind1=" " ind2=" ">
    <subfield code="a">DPL</subfield>
    <subfield code="b">UR</subfield>
  </datafield>
  <datafield tag="082" ind1=" " ind2=" ">
    <subfield code="a">270.8095416</subfield>
    <subfield code="b">&#x642; &#x627; &#x633; </subfield>
  </datafield>
  <datafield tag="100" ind1=" " ind2=" ">
    <subfield code="a">&#x642;&#x627;&#x633;&#x645;&#x6CC;&#x60C; &#x639;&#x637;&#x627;&#x627;&#x644;&#x631;&#x62D;&#x645;&#x627;&#x646; </subfield>
    <subfield code="9">116258</subfield>
  </datafield>
  <datafield tag="245" ind1=" " ind2=" ">
    <subfield code="a">&#x62F;&#x644;&#x6CC; &#x6A9;&#x6CC; &#x62A;&#x627;&#x631;&#x6CC;&#x62E; &#x645;&#x633;&#x627;&#x62C;&#x62F; : </subfield>
    <subfield code="c">&#x639;&#x637;&#x627; &#x627;&#x644;&#x631;&#x62D;&#x645;&#x627;&#x646; &#x642;&#x627;&#x633;&#x645;&#x6CC; </subfield>
    <subfield code="b">&#x62D;&#x635;&#x651;&#x6C1; &#x62F;&#x648;&#x645;</subfield>
  </datafield>
  <datafield tag="246" ind1=" " ind2=" ">
    <subfield code="a">Dehli ki tarikhi masajid : hissa dom /</subfield>
    <subfield code="b">by Ataur-Rehman </subfield>
  </datafield>
  <datafield tag="260" ind1=" " ind2=" ">
    <subfield code="a">&#x646;&#x6CC;&#x6CC; &#x62F;&#x6C1;&#x644;&#x6CC; </subfield>
    <subfield code="b">&#x645;&#x648;&#x644;&#x627;&#x646;&#x627; &#x622;&#x632;&#x627;&#x62F; &#x627;&#x6A9;&#x627;&#x62F;&#x645;&#x6CC; </subfield>
    <subfield code="c">1998</subfield>
  </datafield>
  <datafield tag="270" ind1=" " ind2=" ">
    <subfield code="b">&#x646;&#x6CC;&#x6CC; &#x62F;&#x6C1;&#x644;&#x6CC; </subfield>
    <subfield code="a">&#x663;&#x664;&#x60C; &#x627;&#x628;&#x644; &#x641;&#x636;&#x644; &#x627;&#x646;&#x6A9;&#x644;&#x6CC;&#x648; </subfield>
    <subfield code="e">110025</subfield>
  </datafield>
  <datafield tag="300" ind1=" " ind2=" ">
    <subfield code="a">184p.</subfield>
    <subfield code="c">21cm(Hb)</subfield>
  </datafield>
  <datafield tag="650" ind1=" " ind2=" ">
    <subfield code="a"> &#x645;&#x630;&#x6C1;&#x628; - &#x627;&#x633;&#x644;&#x627;&#x645;</subfield>
    <subfield code="9">125556</subfield>
  </datafield>
  <datafield tag="650" ind1=" " ind2=" ">
    <subfield code="a"> &#x627;&#x633;&#x644;&#x627;&#x645;&#x6CC; &#x62A;&#x627;&#x631;&#x6CC;&#x62E; - &#x645;&#x633;&#x62C;&#x62F;</subfield>
    <subfield code="9">125557</subfield>
  </datafield>
  <datafield tag="650" ind1=" " ind2=" ">
    <subfield code="a">Religion -- Islam</subfield>
    <subfield code="9">92070</subfield>
  </datafield>
  <datafield tag="650" ind1=" " ind2=" ">
    <subfield code="a">Islamic history -- Mosque</subfield>
    <subfield code="9">125558</subfield>
  </datafield>
  <datafield tag="942" ind1=" " ind2=" ">
    <subfield code="2">ddc</subfield>
    <subfield code="c">UR</subfield>
    <subfield code="h">270.8095416</subfield>
    <subfield code="m">&#x642; &#x627; &#x633; </subfield>
  </datafield>
  <datafield tag="999" ind1=" " ind2=" ">
    <subfield code="c">108348</subfield>
    <subfield code="d">108348</subfield>
  </datafield>
  <datafield tag="952" ind1=" " ind2=" ">
    <subfield code="0">0</subfield>
    <subfield code="1">0</subfield>
    <subfield code="4">0</subfield>
    <subfield code="7">0</subfield>
    <subfield code="a">L</subfield>
    <subfield code="b">L</subfield>
    <subfield code="d">2016-01-18</subfield>
    <subfield code="e">Cen Lib/Ret</subfield>
    <subfield code="g">100.00</subfield>
    <subfield code="l">1</subfield>
    <subfield code="o">270.8095416 &#x642; &#x627; &#x633;</subfield>
    <subfield code="p">A-998741</subfield>
    <subfield code="r">2017-09-07 00:00:00</subfield>
    <subfield code="s">2017-08-17</subfield>
    <subfield code="t">1</subfield>
    <subfield code="v">100.00</subfield>
    <subfield code="w">2016-01-18</subfield>
    <subfield code="y">UR</subfield>
  </datafield>
</record>
